000 00306nam a22001337a 4500
008 171018b xxu||||| |||| 00| 0 eng d
020 _a0700506098
041 _aeng
080 _a338
100 _a53
101 _aMEN
245 _aUNIVERSITIES: THE MANAGEMENT CHALLENGE
_cLOCKWOOD,G
942 _2udc
_cBK
999 _c34741
_d34741